000 00620nam a2200193Ia 4500
005 20260114185557.0
008 008 260114s9999 xx 000 0 eng d
020 _a9781350132900
037 _aEBOOK
040 _aCRL
_beng
_cCRL
041 _aeng
_2eng
084 _qCRL
100 _aAlexander Joffe
_9871771
245 0 _aOperation Crusader and the Desert War in British History and Memory ?What is Failure? What is Loyalty??
260 _bBloomsbury
_c2020
856 _uhttps://doi.org/10.5040/9781350132900?locatt=label:secondary_bloomsburyCollections
942 _cEBOOK
999 _c1470719
_d1470719